| 000 | 00478nam a2200181Ia 4500 | ||
|---|---|---|---|
| 003 | GCL | ||
| 008 | 140319s9999 xx 000 0 ara d | ||
| 040 |
_aGCL / _cGCL |
||
| 082 | 0 | 4 |
_a956.721 _bط ب |
| 100 | 1 | _aطه الراوى | |
| 245 | 1 | 0 |
_aبغداد مدينة السلام / _cطه الراوى |
| 300 | _a155 ص | ||
| 490 |
_aاقرأ _v0 |
||
| 650 | 0 | 4 | _aالدولة العباسية |
| 650 | 0 | 4 | _aبغداد |
| 650 | 0 | 4 | _aبغداد - تاريخ |
| 942 |
_2ddc _cBK |
||
| 999 |
_c42355 _d42355 |
||